000 01275nam a22003737a 4500
001 0064871
003 KOHA_MİRAKIL
005 20260207004530.0
007 ta
008 191106b2017 tu |||gr||||#0|||0|tur |
020 _a9786053206798
040 _aTR-BiSEU
_btur
_cTR-BiSEU
_erda
041 0 _atur
044 _ctu
050 _aHF1379
_b.A35 2017
245 0 _aAdım adım dış ticaret/
_cEditör İbrahim Halil Ekşi; yazarlar Hatice Doğukanlı, Beyza Gültekin, İbrahim Halil Ekşi, Cuma Ercan, Levet Şahin, Yavuz Akçi, Zekayi Kaya, Osman Sesliokuyucu, Ertuğrul Mıhçıoğlu.
250 _a2. basım
264 1 _aAnkara :
_bNobel Akademik Yayıncılık
_c2017
300 _aXII, 220 sayfa: resim; 23 cm.
336 _ametin
_btxt
_2rdacontent
337 _aaracısız
_bn
_2rdamedia
338 _acilt
_bnc
_2rdacarrier
490 1 _aNobel yayın no ;
_v1772.
490 1 _aİktisat no ;
_v185
500 _aKaynakça var.
650 0 _aUluslararası ekonomik ilişkiler.
_95139
650 0 _aUluslararası ticaret.
_94024
650 0 _aForeign trade--Process.
_9120928
650 0 _aInternational trade.
_98336
830 1 _aNobel yayın no ;
_v1772.
_91940
830 1 _aİktisat no ;
_v185
_9120929
907 _aTicaret
942 _2lcc
_cBK
999 _c65110
_d65110